| 000 | 00417ntaaa2200169 4500 | ||
|---|---|---|---|
| 003 | 01 | ||
| 005 | 20251027201806.0 | ||
| 008 | 0714s1973 ag 01 | ||
| 040 |
_aAR-BaBN _bspa _cAR-BaBN _eaacr _dRIC |
||
| 082 | _a242.0000 H79 | ||
| 100 |
_aHotton, Arturo James _916353 |
||
| 245 | _aMeditaciones trascendentes | ||
| 250 | _a1 ed. | ||
| 260 |
_aCampana : _bEdición El Testigo, _c1965 |
||
| 300 | _a245 p | ||
| 942 | _cBK | ||
| 999 |
_c12569 _d12569 |
||